Dürer /

Uloženo v:
Podrobná bibliografie
Hlavní autor: Durero, Alberto (pintor)
Další autoři: Braham, Allan (texto) (texto)
Médium: Kniha
Jazyk:angličtina
Vydáno: Londres, Inglaterra : Spring Books, 1965, c1965
Edice:(Spring Art Books)
Témata:
Tagy: Přidat tag
Žádné tagy, Buďte první, kdo vytvoří štítek k tomuto záznamu!

MARC

LEADER 00000nam^a2200000^a^4500
001 000408602
005 20250521000000.0
009 20260310121957.241
037 |a Acervo Xavier Clavigero 
041 |a GRA 
041 |a ING 
082 |a 759. 3  |b DUR BRA 
100 |a Durero, Alberto  |e (pintor) 
245 1 0 |a Dürer /  |c Pintor A. Durero ; texto de A. Braham. 
264 4 |a Londres, Inglaterra :  |b Spring Books,  |c 1965, c1965 
300 |a 92 p. 
336 |a texto  |b txt  |2 rdacontenido 
337 |a sin mediación  |b n  |2 rdamedio 
338 |a volumen  |b nc  |2 rdasoporte 
440 1 |a (Spring Art Books) 
546 |a Edición gráfica con texto en inglés 
561 |a Ex libris de Instituto de Literatura Puente Grande, Jal. 
561 |a Ex libris de Bibl. Magnopontanae Domus Scti. Ioseph. Prov. Mex. Sept. S.I. 
561 |a Ex libris de Bibl. Iunioratus Dom. Prob. S. Ioseph 
649 |a XX 
650 |a Pintores Alemanes 
650 |a Artistas Alemanes 
650 |a Pintura Renacentista -  |z Alemania -  |x Historia y Crítica 
650 |a Pintura Alemana -  |x Historia y Crítica 
650 |a Arte Renacentista -  |z Alemania -  |x Historia y Crítica 
650 |a Arte Alemán -  |x Historia y Crítica 
650 |a Durero, Alberto -  |x Tema Principal 
700 |a Braham, Allan  |e (texto) 
910 |a Fondo General 
920 |a Impresos - Libros 
930 |a Reserva Especial 
905 |a 103 
901 |a 039943  |b IT1  |c REE  |u 20250521 
902 |a https://opac.biblio.iteso.mx/vufind/Record/000408602